Un culete independiente / (Registro nro. 12251)
[ vista simple ]
| 000 -LIDER | |
|---|---|
| fixed length control field | 00578nam a2200217 4500 |
| 003 - IDENTIFICACDOR DE NÚMERO DE CONTROL | |
| control field | DO-SdBNP |
| 005 - DATE AND TIME OF LATEST TRANSACTION | |
| control field | 20180212110237.0 |
| 008 - ELEMENTOS DE LONGITUD FIJA | |
| fixed length control field | 161205b 1993 sp a ||||| |||| 00| 0 spa d |
| 020 ## - ISBN | |
| International Standard Book Number | 8434837978 |
| 040 ## - FUENTE DE CATALOGACIÓN | |
| Agencia que crea de manera original el registro | BPMSU |
| Idioma de catalogación | spa |
| Agencia que realiza la transcripción | BPMSU |
| 100 ## - ASIENTO PRINCIPAL -- NOMBRE PERSONAL | |
| Nombre personal | Corté, José Luis |
| 245 ## - MENCIÓN DE TITULO | |
| Título | Un culete independiente / |
| Mención de responsabilidad | José Luis Cortés |
| 250 ## - MENCIÓN DE EDICION | |
| Mención de edición | 4a. ed. |
| 260 ## - PUBLICACIÓN, DISTRIBUCIÓN, ETC. (PIE DE IMPRENTA) | |
| Lugar de publicación, distribución, etc | Madrid : |
| Nombre del editor, distribuidor, etc. | Cesma, |
| Fecha de publicación, distribución, etc | 1993 |
| 300 ## - DESCRIPCIÓN FÍSICA | |
| Extensión | 22 p. : |
| Otros detalles físicos | il. : |
| Dimensiones | 20 cm |
| 490 0# - MENCIÓN DE SERIES | |
| Mención de serie | Los piratas |
| Volume/sequential designation | 1 |
| 830 #0 - ASIENTO SECUNDARIO DE SERIE--TÍTULO UNIFORME | |
| Título uniforme | Los piratas |
| 942 ## - ADDED ENTRY ELEMENTS (KOHA) | |
| Source of classification or shelving scheme | Dewey Decimal Classification |
| Koha item type | Libros |
| 945 ## - INFORMACIÓN DE PROCESAMIENTO LOCAL | |
| Información de procesamiento local | Inventariado, 2018/ YL |
| 956 ## - LOCAL ELECTRONIC LOCATION AND ACCESS (OCLC) | |
| Nombre de host | dgarcia |
| Withdrawn status | Lost status | Source of classification or shelving scheme | Damaged status | Not for loan | Collection code | Home library | Current library | Date acquired | Source of acquisition | Total Checkouts | Barcode | Date last seen | Price effective from | Koha item type |
|---|---|---|---|---|---|---|---|---|---|---|---|---|---|---|
| Dewey Decimal Classification | Colección Infantil General | Biblioteca Pública Metropolitana Salomé Ureña | Biblioteca Pública Metropolitana Salomé Ureña | 12/05/2016 | Donado | BPMSU16120096 | 12/05/2016 | 12/05/2016 | Libros |